| 000 | 01229nam a2200313Ia 4500 | ||
|---|---|---|---|
| 001 | ebr10197023 | ||
| 003 | CaPaEBR | ||
| 006 | m u | ||
| 007 | cr cn||||||||| | ||
| 008 | 060929s2006 enka sb 001 0 eng d | ||
| 020 | _z0335220495 (pbk) | ||
| 020 | _z0335220509 (hbk) | ||
| 040 |
_aCaPaEBR _cCaPaEBR |
||
| 035 | _a(OCoLC)319061543 | ||
| 050 | 1 | 4 |
_aHF5549.5.C53 _bR64 2006eb |
| 100 | 1 | _aRogers, Jennifer. | |
| 245 | 1 | 0 |
_aDeveloping a coaching business _h[electronic resource] / _cJenny Rogers. |
| 260 |
_aMaidenhead, England ; _aNew York, NY : _bOpen University Press, _c2006. |
||
| 300 |
_a153 p. : _bill. |
||
| 490 | 1 | _aCoaching in practice | |
| 504 | _aIncludes bibliographical references (p. [147]) and index. | ||
| 533 |
_aElectronic reproduction. _bPalo Alto, Calif. : _cebrary, _d2009. _nAvailable via World Wide Web. _nAccess may be limited to ebrary affiliated libraries. |
||
| 650 | 0 |
_aExecutive coaching _xPractice. |
|
| 650 | 0 |
_aEmployees _xCoaching of. |
|
| 655 | 7 |
_aElectronic books. _2local |
|
| 710 | 2 | _aebrary, Inc. | |
| 830 | 0 | _aCoaching in practice. | |
| 856 | 4 | 0 |
_uhttp://site.ebrary.com/lib/rucke/Doc?id=10197023 _zAn electronic book accessible through the World Wide Web; click to view |
| 999 |
_c117000 _d117000 |
||